[Event "IRI-ch U14"]
[Site "Chess.com INT"]
[Date "2021.01.16"]
[Round "10"]
[White "Hojjatinejad, Ilia"]
[Black "Amiri, Reza1111"]
[Result "1-0"]
[WhiteElo "1839"]
[BlackElo "1464"]
[PlyCount "95"]
[EventDate "2021.01.16"]
[EventType "swiss"]
[EventRounds "11"]
[EventCountry "IRI"]
[SourceTitle "EXT 2022"]
[Source "ChessBase"]
[SourceDate "2021.10.06"]
[SourceVersion "1"]
[SourceVersionDate "2021.10.06"]
[SourceQuality "1"]

1. Nf3 b6 2. g3 Bb7 3. Bg2 Nf6 4. 0-0 g6 5. d3 Bg7 6. e4 d6 7. Nc3 0-0 8. Nd2 Nbd7 9. f4 c5 10. e5 Bxg2 11. exf6 Bxf1 12. fxg7 Kxg7 13. Qxf1 Nf6 14. b3 d5 15. Nf3 a6 16. Ne5 Rc8 17. Bd2 d4 18. Ne4 Nxe4 19. dxe4 f6 20. Nf3 b5 21. f5 Qb6 22. Qh3 g5 23. Bxg5 fxg5 24. Nxg5 h6 25. Ne6+ Kh7 26. Nxf8+ Rxf8 27. Kh1 Qc6 28. Qg4 c4 29. Rf1 d3 30. cxd3 cxd3 31. Rd1 Rd8 32. Rd2 Rd4 33. Qf3 Qc1+ 34. Qd1 Qc6 35. Qf3 Qc2 36. Qe3 Qb1+ 37. Kg2 Rd8 38. Qf3 Rd6 39. e5 Rd8 40. f6 exf6 41. Qf5+ Kg8 42. Qg6+ Kf8 43. Qxf6+ Ke8 44. Qe6+ Kf8 45. Rf2+ Kg7 46. Rf7+ Kh8 47. Qxh6+ Kg8 48. Qg7# 1-0

[Event "IRI-ch U14"]
[Site "Chess.com INT"]
[Date "2021.01.16"]
[Round "2"]
[White "Hojjatinejad, Ilia"]
[Black "Dadgar, Mohammad"]
[Result "1-0"]
[WhiteElo "1839"]
[BlackElo "1305"]
[PlyCount "59"]
[EventDate "2021.01.16"]
[EventType "swiss"]
[EventRounds "11"]
[EventCountry "IRI"]
[SourceTitle "EXT 2022"]
[Source "ChessBase"]
[SourceDate "2021.10.06"]
[SourceVersion "1"]
[SourceVersionDate "2021.10.06"]
[SourceQuality "1"]

1. d4 e6 2. Bf4 b6 3. e3 Bb7 4. Nf3 f5 5. Be2 Nf6 6. c4 d5 7. Nc3 Bb4 8. Qa4+ Nc6 9. Ne5 Bxc3+ 10. bxc3 0-0 11. Nxc6 Qd7 12. 0-0 Bxc6 13. Qb3 Ne4 14. Rfd1 Ba4 15. Qb2 Bxd1 16. Rxd1 Rac8 17. cxd5 Qxd5 18. Ba6 Qa5 19. Bxc8 Rxc8 20. Qb3 Qd5 21. c4 Qa5 22. c5 Kf7 23. d5 Nxc5 24. dxe6+ Nxe6 25. Rd7+ Kf6 26. h3 Qc5 27. Rd5 Qc6 28. Qb2+ Kf7 29. Qe5 Kg6 30. Qxf5# 1-0

[Event "IRI-ch U14"]
[Site "Chess.com INT"]
[Date "2021.01.16"]
[Round "4"]
[White "Hojjatinejad, Ilia"]
[Black "Golshaani, Taha"]
[Result "1-0"]
[WhiteElo "1839"]
[BlackElo "1421"]
[PlyCount "81"]
[EventDate "2021.01.16"]
[EventType "swiss"]
[EventRounds "11"]
[EventCountry "IRI"]
[SourceTitle "EXT 2022"]
[Source "ChessBase"]
[SourceDate "2021.10.06"]
[SourceVersion "1"]
[SourceVersionDate "2021.10.06"]
[SourceQuality "1"]

1. d4 Nf6 2. Bf4 d5 3. e3 e6 4. Nf3 Bd6 5. Bg3 a6 6. c4 b6 7. Nc3 Bb7 8. Rc1 Ne4 9. Nxe4 dxe4 10. Nd2 0-0 11. Qb3 c5 12. Bxd6 Qxd6 13. dxc5 Qxc5 14. Be2 Nd7 15. 0-0 Rfd8 16. Qc3 Qe5 17. b4 Rac8 18. Nb3 Qxc3 19. Rxc3 Ne5 20. c5 Nd3 21. Bxd3 exd3 22. Rd1 Bd5 23. Rcxd3 Re8 24. cxb6 Rb8 25. Nc5 Rxb6 26. a3 g6 27. Nd7 Rb7 28. Nf6+ Kf8 29. Nxe8 Kxe8 30. f3 Rc7 31. e4 Bb7 32. h3 Ke7 33. Rd6 Bc8 34. a4 Rc4 35. Rb6 Rc7 36. b5 axb5 37. axb5 Rc2 38. Rc6 Rxc6 39. bxc6 Ba6 40. c7 Bc8 41. Rd8 1-0